[Event "11th Tal Memorial Blitz 2018"]
[Site "Moscow"]
[Date "2018.03.05"]
[Round "12"]
[White "Morozevich, Alexander"]
[Black "Kramnik, Vladimir"]
[Result "1/2-1/2"]
[WhiteElo "2665"]
[BlackElo "2784"]
[Annotator "TA"]
[PlyCount "95"]
[EventDate "2018.??.??"]
[EventType "blitz"]
[EventCountry "RUS"]
[SourceTitle "playchess.com"]
[Source "ChessBase"]
[SourceQuality "1"]

{[%evp 24,95,0,-8,0,0,18,0,0,0,0,0,40,0,0,0,10,0,6,0,15,13,16,18,19,15,21,11,16,14,29,8,32,5,22,0,0,0,0,0,0,0,0,0,5,0,0,-10,0,0,0,0,0,0,0,0,0,0,0,0,0,0,0,0,0,0,0,0,0,0,0,0,0,0]} 1. e4 e5 2. Nf3 Nc6 3. d4 exd4 4. Nxd4 Nf6 5. Nc3 Bb4 6. Nxc6 bxc6 7. Bd3 O-O 8. O-O d5 9. exd5 cxd5 10. h3 {C47: Scotch Four Knights and Four Knights with 4 g3} (10. Bg5 c6 11. Na4 h6 12. Bh4 Re8 13. c4 dxc4 14. Bxc4 Qxd1 15. Rfxd1 g5 16. Bg3 Ne4 17. a3 Bf8 18. Rac1 Nxg3 19. hxg3 Rb8 20. b4 Bf5 21. Bd3 Bxd3 22. Rxd3 {½-½ (36) Artemiev,V (2691)-Carlsen,M (2837) Riadh 2017}) 10... c6 11. Qf3 Re8 12. Bg5 Bd6 13. Rfe1 {[#] LiveBook: 5 Games. Strongly threatening Rxe8+.} Rxe1+ 14. Rxe1 Bd7 15. Bf4 $146 ({Predecessor:} 15. Ne2 Be5 16. c3 Qc7 17. Ng3 Re8 18. Bxf6 Bxf6 19. Rxe8+ Bxe8 {1-0 (63) Bagi,M (2421)-Meszaros,T (2416) Hungary 2015}) 15... Qb8 16. Bxd6 Qxd6 17. b3 c5 18. Nb5 Bxb5 19. Bxb5 Rd8 20. Qc3 g6 21. Qa5 (21. h4 {is more complex.} Rb8 22. a4 Rb7 23. h5 Kg7 24. g3) 21... Qb6 22. Qxb6 axb6 $11 {[%mdl 4096] Endgame KRB-KRN} 23. Re7 Ne4 24. Rb7 Rd6 25. Bd3 Nc3 26. a4 Kg7 27. h4 h6 28. f3 Re6 {The position is equal.} 29. f4 Rc6 30. Bb5 Re6 31. Kf2 h5 32. Bd3 Kf6 33. Kf3 Na2 (33... Nd1 {with more complications.} 34. g3 Re3+ 35. Kg2 Re6 36. Rc7 Re7) 34. a5 bxa5 {aiming for ...a4!} 35. Rb5 Rc6 36. Rxa5 Nb4 37. Ke3 Nxd3 38. cxd3 {KR-KR} Kf5 39. Kf3 Ke6 40. Rb5 f6 41. b4 cxb4 42. Rxb4 Rc3 43. Ke3 Rc2 44. Rb6+ Kf5 45. g3 Rg2 46. Kf3 Rd2 47. Ke3 Rg2 48. Kf3 {Precision: White = 58%, Black = 52%.} 1/2-1/2

[Event "11th Tal Memorial Blitz 2018"]
[Site "Moscow"]
[Date "2018.03.05"]
[Round "13"]
[White "Grischuk, Alexander"]
[Black "Svidler, Peter"]
[Result "1-0"]
[WhiteElo "2846"]
[BlackElo "2793"]
[Annotator "TA"]
[PlyCount "81"]
[EventDate "2018.??.??"]
[EventType "blitz"]
[EventCountry "RUS"]
[SourceTitle "playchess.com"]
[Source "ChessBase"]
[SourceQuality "1"]

{[%evp 21,81,31,35,31,35,21,49,0,11,-40,-35,-25,0,0,13,29,29,21,66,53,52,58,54,39,58,37,65,64,49,56,72,-21,-21,-21,-21,-21,-18,-30,-11,-8,-15,-14,0,0,4,13,26,0,97,82,135,134,229,229,228,228,225,196,281,275,285,277]} 1. d4 {[%cal Bd2d4,Bd4d5][%mdl 32]} Nf6 2. c4 g6 3. g3 c5 4. d5 Bg7 5. Nc3 O-O 6. Bg2 d6 7. Nf3 e6 8. O-O exd5 9. cxd5 Re8 10. Re1 Ne4 {A62: Modern Benoni: Fianchetto Variation without early ...Nbd7} (10... a6 11. a4 b6 12. Bf4 Ra7 13. e4 Bg4 14. Qc2 Bxf3 15. Bxf3 h6 16. e5 dxe5 17. Rxe5 Rxe5 18. Bxe5 Nbd7 19. Bf4 g5 {0-1 (49) Dziuba,M (2584)-Navara,D (2732) Czech Republic 2017}) 11. Nxe4 Rxe4 {LiveBook: 9 Games} 12. Qc2 Re8 {White is slightly better.} 13. e4 $146 ({Predecessor:} 13. Bg5 Qb6 14. Rab1 Nd7 15. Qa4 h6 16. Bf4 g5 17. Bd2 Nf6 18. e4 {1-0 (32) Lei,T (2444)-Gomes,M (2354) Chengdu 2015}) 13... Bg4 14. Nd2 Na6 15. a3 (15. h3 $11 Bc8 16. Nf3) 15... b5 $15 16. Rb1 c4 17. b4 cxb3 18. Nxb3 Rc8 19. Qa2 Qd7 20. Bb2 Rc2 21. Qa1 $1 Rxb2 22. Rxb2 Nc7 23. Re3 Nxd5 24. exd5 {Hoping for Qc1.} Rxe3 25. fxe3 Qe7 26. Qc1 (26. e4 $16 {Strongly threatening Qc1.} Qg5 27. Qb1 Bxb2 28. Qxb2) 26... Bxb2 $11 27. Qxb2 {And now Qc3 would win.} Qxe3+ 28. Kf1 Bf5 {( -> ...Bd3+)} 29. Nc1 a5 30. Ne2 Bd3 {White must now prevent ...b4!} 31. Ke1 $1 {aiming for Qd2.} Bc4 32. Bf1 h5 (32... Bxd5 $6 33. Qxb5 Qe5 34. Kd2 $16 (34. Qxa5 Qa1+ 35. Kf2 Qf6+ 36. Kg1 Qf3 $16)) 33. Qc3 Qe4 34. Qxa5 Qxd5 (34... Qb1+ $1 $11 {keeps the balance.} 35. Kf2 Qf5+ 36. Ke1 (36. Nf4 g5 $11) 36... Qb1+ 37. Kf2 Qf5+ 38. Ke1 (38. Nf4 g5 $11) 38... Qb1+) 35. Qc3 Qh1 (35... Qe6 $142) 36. h4 $16 d5 {[#]} (36... Qe4 $16 37. Kf2 Qf5+ 38. Qf3 Qb1) 37. Qe3 $1 $18 ({Weaker is} 37. Qf6 Qe4 $14) 37... d4 38. Qxd4 Qf3 {[#]} 39. Qc3 $1 {[%cal Rc3f3]} Qf5 (39... Bxe2 $142 40. Qxf3 Bxf3) 40. Bg2 Qb1+ 41. Kf2 {Precision: White = 73%, Black = 30%.} 1-0

[Event "11th Tal Memorial Blitz 2018"]
[Site "Moscow"]
[Date "2018.03.05"]
[Round "13"]
[White "Kramnik, Vladimir"]
[Black "Anand, Viswanathan"]
[Result "1-0"]
[WhiteElo "2784"]
[BlackElo "2801"]
[Annotator "TA"]
[PlyCount "49"]
[EventDate "2018.??.??"]
[EventType "blitz"]
[EventCountry "RUS"]
[SourceTitle "playchess.com"]
[Source "ChessBase"]
[SourceQuality "1"]

{[%evp 14,49,41,40,54,37,31,32,33,23,45,30,33,29,27,22,29,11,45,23,32,13,28,0,0,0,41,56,54,37,56,30,46,12,12,0,0,0]} 1. e4 e5 2. Nf3 Nc6 3. Bc4 Bc5 4. d3 Nf6 5. O-O O-O 6. c3 d5 7. exd5 Nxd5 8. Re1 {LiveBook: 169 Games} Be6 {C54: Giuoco Piano: 4 c3 Nf6, main lines with 5 d4 and 5 d3} (8... Bg4 9. h3 Bh5 10. g4 Bg6 11. Nxe5 Nxe5 12. Rxe5 c6 13. Qf3 Bd6 14. Re1 Kh8 15. Bxd5 cxd5 16. Bf4 d4 17. cxd4 {1-0 (38) McShane,L (2640)-Sethuraman,S (2646) Riadh 2017}) 9. Nbd2 Bd6 10. Ne4 h6 {White is slightly better.} 11. b4 a6 $146 12. a4 Re8 13. Qb3 Nf6 14. Bxe6 Rxe6 15. Be3 Ne7 16. Rad1 Ng6 17. h3 Qd7 18. Nc5 Bxc5 $1 19. bxc5 b5 (19... Rb8 {seems wilder.} 20. a5 Ree8 21. d4 exd4 22. Bxd4 Rxe1+ 23. Rxe1 Qc6) 20. cxb6 cxb6 21. d4 exd4 22. Bxd4 Rxe1+ $1 23. Nxe1 {[#] Black must now prevent Bxf6.} Qc6 24. Qxb6 Qxa4 25. Rb1 {[%mdl 32768] Precision: White = 44%, Black = 59%. . Loss on Time!?} 1-0

[Event "11th Tal Memorial Blitz 2018"]
[Site "Moscow"]
[Date "2018.03.05"]
[Round "13"]
[White "Dubov, Daniil"]
[Black "Fedoseev, Vladimir"]
[Result "0-1"]
[WhiteElo "2767"]
[BlackElo "2724"]
[Annotator "TA"]
[PlyCount "64"]
[EventDate "2018.??.??"]
[EventType "blitz"]
[EventCountry "RUS"]
[SourceTitle "playchess.com"]
[Source "ChessBase"]
[SourceQuality "1"]

{[%evp 19,64,4,4,-4,7,3,14,11,6,-18,-21,-156,-132,-228,-97,-98,-35,-298,-275,-289,-290,-283,-283,-268,-253,-319,-304,-327,-329,-375,-363,-370,-354,-386,-347,-357,-328,-436,-377,-380,-380,-363,-362,-394,-398,-1101,-1018]} 1. e4 e5 2. Nf3 Nf6 3. Nc3 Nc6 4. d4 exd4 5. Nxd4 Bb4 6. Nxc6 bxc6 7. Bd3 O-O 8. O-O Re8 9. Bg5 h6 10. Bh4 Qe7 {LiveBook: 5 Games. C47: Scotch Four Knights and Four Knights with 4 g3} (10... Rb8 11. f4 Be7 12. b3 d6 13. Qf3 Nd7 14. Bxe7 Qxe7 15. Rae1 Nc5 16. e5 Qd8 17. exd6 cxd6 18. Rxe8+ Qxe8 {0-1 (55) Hou,Y (2652)-Aronian,L (2799) Tbilisi 2017}) 11. Kh1 Bxc3 $146 ({Predecessor:} 11... g5 12. Bg3 Bxc3 13. bxc3 Nxe4 14. Qh5 Kg7 15. Rae1 d5 16. f4 Nxg3+ 17. hxg3 Qxe1 18. fxg5 Qxf1+ 19. Bxf1 {1-0 (38) Cvek,R (2504)-Ponizil,C (2478) Czech Republic 2018}) 12. bxc3 d5 {The position is equal.} 13. exd5 cxd5 14. Qf3 g5 15. Bb5 {[#]} (15. Bg3 $11) 15... Bg4 $1 $36 {[%cal Rg4f3][%mdl 2048] Black is in control.} ({Resist} 15... gxh4 16. Bxe8 Nxe8 17. Qxd5 $15) 16. Qd3 (16. Qe3 $17 gxh4 17. Bxe8 Qxe3 {[#]} 18. Bxf7+ $1 {[%mdl 512]} Kxf7 19. fxe3) 16... c6 (16... gxh4 $19 {is more deadly.} 17. Bxe8 Rxe8) 17. Bxc6 {aiming for f3.} Be2 (17... gxh4 $17 18. f3 Bd7 19. Bxa8 Rxa8) 18. Qd4 $2 {[%mdl 8192]} (18. Rfe1 $15 Bxd3 19. Rxe7 Rxe7 20. Bxa8) 18... Bxf1 $19 ({Inferior is} 18... gxh4 19. Rfe1 $11) 19. Rxf1 gxh4 20. Bxa8 Rxa8 21. Qxh4 Kh7 22. Qf4 Rg8 23. Qf5+ Rg6 24. f3 Qe2 {[%cal Re2f1]} 25. Rg1 Qc4 26. g4 Kg7 27. Qe5 Rg5 28. Qg3 Nh5 29. Qe1 Qf4 30. Qd1 Nf6 31. Re1 h5 32. h4 $2 (32. gxh5 Rxh5 33. Qe2) 32... Rg6 {Precision: White = 21%, Black = 65%.} 0-1

[Event "11th Tal Memorial Blitz 2018"]
[Site "Moscow"]
[Date "2018.03.05"]
[Round "13"]
[White "Gelfand, Boris"]
[Black "Nepomniachtchi, Ian"]
[Result "0-1"]
[WhiteElo "2745"]
[BlackElo "2768"]
[Annotator "TA"]
[PlyCount "92"]
[EventDate "2018.??.??"]
[EventType "blitz"]
[EventCountry "RUS"]
[SourceTitle "playchess.com"]
[Source "ChessBase"]
[SourceQuality "1"]

{[%evp 19,92,39,43,43,48,34,32,32,46,16,23,23,20,22,12,0,20,0,0,-18,-20,-31,-16,-86,-77,-115,-62,-70,-50,-83,-24,-23,-24,-20,-20,-20,-20,-33,-10,-72,-10,-10,-10,-12,-14,-14,-4,-7,0,-3,-3,-31,36,-31,-31,-31,-31,-32,0,0,0,-8,-8,-8,-8,-4270,-44,-4134,-8,-4134,-53,-64,-3953,-4134,-4134]} 1. Nf3 d5 2. d4 Bf5 3. c4 e6 4. Nc3 Nf6 5. Nh4 Bg6 6. Nxg6 {D06: Queen's Gambit: Symmetrical and Baltic Defences} hxg6 7. g3 c6 8. Qd3 Nbd7 9. Bg2 Be7 10. O-O O-O {LiveBook: 6 Games} 11. Rd1 Qa5 12. b3 Rfd8 $146 ({Predecessor:} 12... Rad8 13. cxd5 exd5 {1-0 (67) Giri,A (2749)-Buhmann,R (2582) Germany 2013}) 13. Qc2 Qa6 14. Rb1 dxc4 15. bxc4 Qxc4 16. Rxb7 Bb4 17. Rd3 Nd5 {[%cal Rd5c3]} 18. Bd2 N7b6 19. Bxd5 cxd5 20. Qb3 Bxc3 21. Rxc3 (21. Qxc4 $11 dxc4 22. Rxc3) 21... Qxe2 $17 22. Rcc7 Rab8 (22... Qxd2 $17 23. Rxf7 Qh6) 23. Bg5 $15 Rxb7 24. Rxb7 Rc8 (24... Qe1+ $17 25. Kg2 Qe4+ 26. Qf3 Rd7 27. Qxe4 dxe4 28. Rxd7 Nxd7) 25. Rxa7 $11 Rc2 26. Qe3 Rxa2 27. Qxe2 Rxe2 {[%mdl 4096] Endgame KRB-KRN} 28. Rb7 Nc4 {aiming for ...f6.} 29. Rb8+ Kh7 {White must now prevent ...f6.} 30. Rb7 $1 Nd6 31. Rd7 Ne4 32. Be3 f6 33. Re7 Nd2 34. Rxe6 Nf3+ 35. Kf1 Re1+ 36. Kg2 {[#]} Nxd4 $1 {[%mdl 512]} 37. Rd6 (37. Bxd4 Rxe6) 37... Nf5 38. Rxd5 Rxe3 (38... Nxe3+ {is interesting.} 39. fxe3 Re2+ 40. Kf3 Rxh2 41. g4 Rc2) 39. Rxf5 $1 {[#]} Rxg3+ $1 {[%mdl 512]} 40. fxg3 gxf5 $15 {K3P-KPP} 41. Kf3 g5 {Hoping for ...g4+.} 42. Ke3 $2 {[%mdl 8192] [#]} (42. h4 $11) 42... Kg6 $2 (42... g4 $1 $19 43. Kd4 Kg6) 43. Kf3 $2 {[%mdl 8192] [#]} (43. h3 $15) 43... Kf7 $2 (43... Kh6 $1 $19 44. h3 Kg7) 44. Ke3 $2 {[%mdl 8192]} (44. h4 $11) 44... Ke6 $2 ({Black should try} 44... g4 $19 45. Kf2 Ke6) 45. Kf3 Kd5 $2 {[%mdl 8192]} (45... Ke7 $15 46. h4 Kf7) 46. h3 $19 Ke5 {Precision: White = 47%, Black = 44%.} 0-1

[Event "11th Tal Memorial Blitz 2018"]
[Site "Moscow"]
[Date "2018.03.05"]
[Round "13"]
[White "Mamedyarov, Shakhriyar"]
[Black "Nakamura, Hikaru"]
[Result "1/2-1/2"]
[WhiteElo "2714"]
[BlackElo "2842"]
[Annotator "TA"]
[PlyCount "202"]
[EventDate "2018.??.??"]
[EventType "blitz"]
[EventCountry "RUS"]
[SourceTitle "playchess.com"]
[Source "ChessBase"]
[SourceQuality "1"]

{[%evp 15,202,0,18,0,8,-11,0,-1,7,17,22,0,0,0,0,-4,-9,-3,0,-15,14,27,0,0,32,57,52,41,58,46,39,37,85,79,70,57,100,0,0,-11,-8,0,0,-100,-92,-92,-95,-91,-87,-85,-25,-25,-25,-31,0,0,0,0,0,0,0,0,0,0,0,0,0,0,0,-25,-25,-25,-25,-25,-25,-25,-25,-25,-25,-25,-12,-25,-25,-25,-25,-25,-25,-25,-25,-25,-25,-25,-25,-34,-33,-33,-33,-33,0,-33,-33,-39,-33,-40,-40,-40,-40,-40,-33,-47,-33,-40,-33,-34,-33,-33,-33,-37,2,10,14,14,102,102,102,90,102,90,102,90,102,90,102,90,102,90,102,90,102,0,102,90,102,90,102,90,102,90,102,90,102,90,102,0,102,88,88,88,88,88,88,88,88,88,88,88,88,95,95,102,102,0,0,0,8,8,8,8,8,8,8,8,8,0,0,0,0,0,0]} 1. Nf3 d5 2. d4 Nf6 3. Bf4 c5 4. e3 Nc6 5. c3 e6 6. Nbd2 Bd6 7. dxc5 Bxc5 8. Bd3 {D02: 1 d4 d5 2 Nf3 sidelines, including 2...Nf6 3 g3 and 2...Nf6 3 Bf4} h6 {LiveBook: 9 Games} 9. Qe2 $146 ({Find the theoretical novelty and annotate with similar games:} 9. Nd4 Qe7 10. Bg3 Bd7 11. Nb5 Bb6 12. Bd6 Qd8 13. Ba3 Bc7 14. Be2 Ne7 15. Nxc7+ Qxc7 16. Nf3 Bc6 17. Nd4 O-O 18. O-O Rfd8 19. Nxc6 {½-½ (19) Rahman,Z (2472)-Sengupta,D (2586) New Delhi 2018}) 9... Nh5 10. Bg3 Nxg3 11. hxg3 Bd7 12. e4 {exd5 is the strong threat.} dxe4 13. Nxe4 Be7 14. g4 Qc7 15. g5 O-O-O {Black wants to play ...hxg5.} 16. gxh6 gxh6 17. O-O-O f5 18. Ng3 Bd6 19. Bc4 $36 {[%mdl 2048] White has good play.} e5 20. Qd3 Bc5 {[#] aiming for ...e4.} 21. Nxf5 e4 22. Qxe4 {Threatens to win with Rxd7.} Rhe8 23. Qg4 $1 Ne5 24. Nxe5 Rxe5 25. Rh5 Rf8 {[%cal Re5f5]} 26. Rxd7 (26. Bd3 $16) 26... Qxd7 $11 27. Ne7+ Rxe7 28. Rxc5+ Kb8 29. Qxd7 (29. Qg3+ $1 $11 {remains equal.} Ka8 30. f3 (30. Rd5 Qa4 $17)) 29... Rxd7 {[%mdl 4096] Endgame KRR-KRB} 30. f3 Rg7 {[%mdl 1024] Black has strong compensation.} 31. Bf1 Re8 {Strongly threatening ...Re1+.} 32. Rd5 h5 ({Black should play} 32... Re1+ $17 33. Rd1 Rge7) 33. Kd2 h4 34. a4 a6 35. Rd4 h3 36. gxh3 Rg1 37. Be2 Rh1 38. Re4 Rd8+ 39. Kc2 Rxh3 40. a5 Rh2 41. b4 Rf2 42. Kb3 Rd2 43. Bc4 Rxf3 44. Re5 Rff2 45. Bd5 Ka7 46. Kc4 {Hoping for Re7.} Rf8 47. Kb3 Rc8 48. Bc4 Rc7 49. Rg5 Rh2 50. Re5 Rh4 51. Bd5 Rh3 52. Bc4 Rg3 53. Rf5 Re7 {White must now prevent ...Ree3.} 54. Rc5 Ree3 55. Bf7 Re2 56. Bc4 Ree3 (56... Re1 {NOTEXT} 57. Rc8 Rh3 58. Bd5 Rd1 59. Bc4 Rb1+) 57. Bf7 Rg2 58. Ka3 Re1 59. Kb3 Rb1+ 60. Kc4 Rg4+ 61. Kd3 Rb2 62. Be6 Rg6 63. Bf5 Rg5 64. Kc4 Rf2 65. Be4 $1 Rg4 66. Re5 Re2 67. Kd3 Re1 68. Re7 Rexe4 (68... Kb8 $11 {keeps the balance.}) 69. Rxe4 {KR-KR} Rg7 70. Rf4 Rh7 71. Rg4 Rf7 72. Rh4 Rg7 73. Kc2 Rf7 74. Kb2 Rg7 75. Kb3 Rf7 76. Ka3 Rc7 77. Kb3 Rf7 $1 78. Re4 Rh7 79. Re3 Rg7 80. Rf3 Rh7 81. Rg3 Rf7 82. Rh3 Rg7 83. Rh5 Rf7 84. Rh3 Rg7 85. c4 Rg5 86. Rd3 Rh5 87. Kc3 Rg5 88. Rd5 Rg3+ 89. Kd4 Rb3 {[#]} 90. Kc5 $1 Rc3 91. Rh5 Rc1 92. Rh4 Rb1 93. b5 (93. Rh8 $16) 93... axb5 {The position is equal.} 94. cxb5 b6+ 95. axb6+ Kb7 96. Rh7+ Kb8 97. b7 Rg1 98. Kb4 Rg6 99. b6 Rxb6+ 100. Ka5 Rxb7 101. Rxb7+ Kxb7 {Precision: White = 50%, Black = 51%.} 1/2-1/2

[Event "11th Tal Memorial Blitz 2018"]
[Site "Moscow"]
[Date "2018.03.05"]
[Round "13"]
[White "Andreikin, Dmitry"]
[Black "Karjakin, Sergey"]
[Result "1/2-1/2"]
[WhiteElo "2712"]
[BlackElo "2868"]
[Annotator "TA"]
[PlyCount "113"]
[EventDate "2018.??.??"]
[EventType "blitz"]
[EventCountry "RUS"]
[SourceTitle "playchess.com"]
[Source "ChessBase"]
[SourceQuality "1"]

{[%evp 10,113,27,-4,35,25,21,-8,-10,-10,-15,-17,-14,-17,-18,-84,-85,-72,-58,-73,-85,-56,-64,-97,-101,-125,-14,-3,-14,-14,-4,-53,-57,-95,106,-117,0,0,0,-64,7,8,8,8,120,120,116,9,6,10,9,18,58,59,62,36,36,36,36,36,36,36,36,35,36,0,0,0,0,0,0,0,0,0,0,0,0,0,0,0,0,0,0,0,0,0,0,0,0,0,0,0,0,0,0,0,0,0,0,0,0,0,0,0,0,0]} 1. Nf3 c5 2. e4 {[%cal Be2e4,Be4e5][%mdl 32]} d6 3. d4 cxd4 4. Nxd4 Nf6 5. Nc3 a6 6. Nf3 e6 {B90: Sicilian Najdorf: Unusual White 6th moves, 6 Be3 Ng4 and 6 Be3 e5} (6... Nc6 7. Bf4 Bg4 8. h3 Bxf3 9. Qxf3 Rc8 10. O-O-O Qa5 11. Kb1 Ne5 12. Qe3 g6 13. Nd5 Bg7 14. Bh6 Nxd5 15. exd5 Bxh6 16. Qxh6 {½-½ (63) Predke,A (2595)-Andreikin,D (2712) Moscow 2018}) 7. e5 Ng4 8. Bf4 {[%cal Re5d6]} Qb6 {[%csl Gg4][%cal Rb6f2]} 9. Qd2 {[%cal Re5d6]} dxe5 10. Nxe5 Nxe5 11. Bxe5 Nc6 12. Bg3 $146 (12. Na4 $1 $11 Qb4 13. Qxb4 Bxb4+ 14. Bc3) ({Predecessor:} 12. Na4 Qb4 13. Qxb4 Bxb4+ 14. Bc3 Bxc3+ 15. bxc3 {0-1 (49) Dos Santos,J-Jacobs,F Hengelo 2002}) 12... Qxb2 $17 13. Rb1 {[%cal Ba1b1,Bb1b3,Bb3c3,Bc3c5][%mdl 32]} Qa3 14. Bd3 Bb4 15. Rb3 Qa5 16. O-O O-O 17. a3 Bxc3 (17... Be7 $17 18. Re1 Rd8) 18. Rxc3 e5 19. Qe3 g6 20. Rc5 Qxa3 21. Bh4 {White threatens Bf6 and mate.} Kg7 $2 (21... Re8 $1 $17) 22. f4 $2 {[#]} (22. Bg5 $16 Re8 23. Bh6+ Kg8 24. Qg5 $1 {[%mdl 512]} Qxc5 25. Qf6) 22... exf4 (22... e4 $1 $17 {[%cal Re4d3]} 23. Rxc6 (23. Bxe4 Qxe3+) 23... bxc6 24. Qxe4 Qc5+ 25. Bf2 Qd5) 23. Rxf4 $11 f6 $1 24. h3 (24. Rd5 $1 $11) 24... Bf5 ({Black should try} 24... Bd7 $1 $15 25. Rd5 Rad8) 25. Rcxf5 gxf5 26. Rxf5 {Threatens to win with Rh5.} Qe7 {[#]} (26... Qd6 $11 {keeps the balance.}) 27. Qg3+ $1 $16 Kh8 {[#]} 28. Qf4 (28. Rh5 $1 $16 {White wants to mate with Qg6.} Qg7 29. Rxh7+ Qxh7 30. Bxh7 Kxh7 31. Qc7+ Kg6 32. Qxb7) 28... Rae8 $11 29. Bxf6+ {[#]} Rxf6 $1 {[%mdl 512]} 30. Rxf6 {Hoping for Rf7.} Qe3+ 31. Qxe3 Rxe3 32. Bxa6 $14 {[%mdl 4096] Endgame KRB-KRN} (32. Kf2 $5 {[%cal Rf2e3]} Re7 33. Bxa6 $16) 32... Kg7 33. Rd6 bxa6 34. Rxc6 {KR-KR} a5 35. Kf2 Ra3 36. Ke2 Rg3 37. Ra6 (37. Rc7+ {is more complex.} Kg6 38. Kf2 Ra3 39. h4 a4 40. Rc5) 37... Rxg2+ {The position is equal.} 38. Kd3 Rg3+ 39. Kd4 Rxh3 40. Rxa5 Rh4+ 41. Kd3 Kf6 42. c4 Ke6 43. Kc3 h5 44. Ra6+ Ke5 45. Ra5+ Ke4 46. Kb4 Rh1 47. Rg5 Kf4 48. Rg8 h4 49. c5 h3 50. Rh8 h2 51. c6 Rb1+ 52. Kc5 h1=Q 53. Rxh1 Rxh1 54. c7 Ke5 {( -> ...Rc1+)} 55. Kc6 Rc1+ 56. Kd7 {[#]} Rxc7+ $1 {[%mdl 512]} 57. Kxc7 {Precision: White = 53%, Black = 55%.} 1/2-1/2

[Event "11th Tal Memorial Blitz 2018"]
[Site "Moscow"]
[Date "2018.03.05"]
[Round "13"]
[White "Artemiev, Vladislav"]
[Black "Morozevich, Alexander"]
[Result "1-0"]
[WhiteElo "2697"]
[BlackElo "2665"]
[Annotator "TA"]
[PlyCount "109"]
[EventDate "2018.??.??"]
[EventType "blitz"]
[EventCountry "RUS"]
[SourceTitle "playchess.com"]
[Source "ChessBase"]
[SourceQuality "1"]

{[%evp 10,109,23,16,13,13,25,26,24,15,18,0,16,-13,16,3,7,4,34,31,41,57,44,12,14,17,21,0,0,2,2,8,5,5,61,58,61,61,61,61,52,58,53,41,60,50,64,60,63,65,206,195,203,192,179,118,113,72,72,14,19,48,26,41,83,0,11,11,18,11,12,12,12,3,3,3,7,7,7,4,5,6,8,10,12,4,8,4,7,8,13,14,20,8,12,0,0,0,622,579,2745,1618]} 1. d4 Nf6 2. c4 e6 3. Nc3 Bb4 4. g3 O-O 5. Bg2 d6 6. Qb3 {LiveBook: 7 Games. E20: Nimzo-Indian: 4 g3 and 4 f3} c5 7. Nf3 {[%cal Bg1f3,Bf3h4,Bh4f5][%mdl 32]} Nc6 8. dxc5 {White has an edge.} Bxc5 9. O-O h6 $146 ({Predecessor:} 9... Na5 10. Qc2 Nxc4 11. Na4 Qc7 12. Rd1 Bd7 13. Nxc5 Qxc5 {1-0 (44) Bachmann,A (2621)-Urkedal,F (2549) Stockholm 2016}) 10. Rd1 e5 11. Qc2 Qe7 12. Nh4 Nd4 13. Qd2 Bg4 14. h3 Bh5 15. e3 Nc6 16. Nf5 Qe6 17. g4 Bg6 18. Nd5 {And now b4 would win.} Bxf5 19. gxf5 Qxf5 20. b4 $1 {[%cal Rb4c5]} Nxd5 $1 21. bxc5 Nde7 (21... Nf6 $11) 22. cxd6 $14 Ng6 {[%cal Be7g6,Bg6h4,Bh4g2][%mdl 32]} 23. Qe2 Nh4 24. Qg4 $36 {[%mdl 2048] White is more active.} Qxg4 25. hxg4 {Strongly threatening Be4.} Nxg2 26. Kxg2 b6 27. c5 Rfd8 28. Rb1 bxc5 29. Rb5 e4 (29... Rab8 $14 30. Rxc5 Rb6) 30. Rxc5 $18 Nb4 {intending ...Nd3.} 31. Ba3 a5 32. Rd2 (32. Rc7 $18) 32... Rd7 $16 33. Re5 Ra6 34. Kg3 (34. Rxe4 $16 Rdxd6 35. Rxd6 (35. Bxb4 axb4 36. Rxd6 Rxd6 $16) 35... Rxd6 36. Bxb4 axb4 37. Rxb4) 34... Raxd6 $11 35. Rxd6 Rxd6 36. Rxa5 {[%mdl 4096] Endgame KRB-KRN} Rb6 37. Ra4 (37. Bxb4 $16 Rxb4 38. Ra8+ Kh7 39. Ra6) 37... Nxa2 38. Rxe4 Nc3 39. Rc4 Rb3 40. Bd6 f6 41. Kf4 Kf7 42. Kf3 Ke6 43. Bf8 Kf7 44. Bc5 Nd5 45. Rd4 Ke6 46. Ra4 Rc3 47. Ra6+ Kf7 48. Ra7+ Kg8 49. Bd4 {Black must now prevent Rd7.} Rc2 50. Ke4 Nb4 51. f4 Nc6 52. Rb7 Nxd4 53. exd4 Re2+ $2 {[%mdl 8192] [#]} (53... Kf8 $11) 54. Kf5 $1 $18 {[%cal Rf5g6]} Rd2 {[#]} 55. Kg6 $1 {Precision: White = 50%, Black = 62%.} 1-0